000 00350nam a2200133Ia 4500
005 20260328104259.0
008 260328s9999||||xx |||||||||||||| ||und||
100 _aCinqualbre, Olivier
245 0 _aLe Corbusier :
_b the Measures of man /
_cOlivier Cinqualbre
260 _bCentre Pompidou
300 _a255 p.
650 _aARQUITECTOS
942 _cBK
999 _c10541
_d10541